| 000 | 00618cam a22002291 4500 | ||
|---|---|---|---|
| 001 | sa 67004708 | ||
| 003 | DLC | ||
| 005 | 20260227112350.0 | ||
| 008 | 890623s1963 pk h b 000 0 urdr | ||
| 010 | _asa 67004708 | ||
| 035 | _a(OCoLC)19919288 | ||
| 040 |
_aDLC _cWaU _dDLC |
||
| 042 | _apremarc | ||
| 050 | 0 | 0 |
_aPK2198.Z3 _bZ57 |
| 100 | 1 |
_aʻAlvī, Tanvīr Aḥmad, _d1925- |
|
| 245 | 1 | 0 | _aZ̲auq. |
| 260 | _c[1963] | ||
| 300 |
_a4, 61, 11, 35 p. _bfacsims. _c21 cm. |
||
| 500 | _aIn Urdu. | ||
| 504 | _aIncludes bibliographical references. | ||
| 600 | 1 | 0 |
_aZ̲auq, Shaik̲h̲ Muḥammad Ibrāhīm, _d1789-1854. |
| 999 |
_c74707 _d74707 |
||